TODOS OS SEMIFINALISTAS DA COPA INTERFEDERAÇÕES CFA - Statistics

Estatísticas Gerais
  • Esse quiz foi jogado 15 vezes
  • A pontuação média é 73 de 185
Estatísticas das Respostas
PAÍS SEMIFINAIS TIME % Correto
COXIPÓ 5 San Coxipó
100%
TERITÁ 15 Dourado
92%
CALOPE 1 Dourado
92%
TERITÁ 25 Millonarios
92%
DAFISON 10 Bray
83%
CHILE 2 Colo-Colo
83%
BRASIL 2 Flamengo
83%
BRASIL 1 Internacional
83%
TERITÁ 7 Uchoa
83%
CHILE 4 Universidad Católica
83%
DAFISON 9 Woolwich
83%
TERITÁ 3 Bayer
75%
DAFISON 8 Downscore
75%
DAFISON 9 Ganabio
75%
BRASIL 5 Grêmio
75%
COXIPÓ 2 Liquid
75%
TERITÁ 7 Nacional
75%
SAN ROSÉ 1 Nacional
75%
COXIPÓ 5 Petrovsky
75%
DAFISON 10 Real Baronesa
75%
NYCIAR 8 São Raimundo
75%
COXIPÓ 7 Trickster
75%
CHILE 7 Universidad Chile
75%
FRÍSIA 4 Volendam
75%
ITAIA 1 Audax
67%
EQUADOR 1 Barcelona
67%
COXIPÓ 11 Borari
67%
DAFISON 12 Guaraní
67%
TERITÁ 3 Guarany
67%
TERITÁ 6 Independiente Santa Fé
67%
DAFISON 3 León
67%
DAFISON 3 Lerdimin
67%
KAISERTY 1 Molde
67%
COXIPÓ 5 Napolitano
67%
TERITÁ 10 Platensia
67%
DAFISON 1 Rulery
67%
NYCIAR 3 San Nyciar
67%
DAFISON 5 São Matheus
67%
DAFISON 3 Theresina
67%
COXIPÓ 11 Três Flores
67%
ANTÁRTIDA 2 Vasco Polar
67%
COXIPÓ 5 Bayern
58%
FRÍSIA 1 Borussia Dortmund
58%
TERITÁ 2 Borussimond
58%
CHILE 1 Cobreloa
58%
CHILE 2 Cobresal
58%
DAFISON 6 CS Plata
58%
NYCIAR 4 De Nederlanders
58%
COXIPÓ 3 Florido
58%
ARCÂNIA 1 Globo
58%
TERITÁ 4 Narração
58%
NAPOLESTE 4 Natal
58%
ANTÁRTIDA 1 SANAE
58%
COXIPÓ 2 Águias
50%
ATHARY 1 Calazans
50%
ARCÂNIA 2 Coroado
50%
TERITÁ 1 Cuiabayern
50%
ANTÁRTIDA 2 Flamengo de Syowa
50%
ANTÁRTIDA 2 Mario Zucchelli
50%
ANZAC 3 Palestra Anzac
50%
FRÍSIA 1 Roda
50%
KAISERTY 1 Rosenborg
50%
ARCÂNIA 2 Rotta
50%
COXIPÓ 5 Sake
50%
ANTÁRTIDA 1 San Martin
50%
DAFISON 1 Sporting Baronesa
50%
TERITÁ 3 Vienna
50%
NYCIAR 2 Xenota
50%
DAFISON 1 Zenlly
50%
NYCIAR 4 Zules
50%
REPÚBLICA DO SUL 1 Athletico Paranaense
42%
BAHIA 1 Bahia
42%
LUNARIA 1 Baker
42%
ANZAC 1 Benidez
42%
DAFISON 2 Central
42%
DAFISON DO SUL 1 Confiança
42%
ITAIA 1 Confiança
42%
VÁRZEA DO SOL 1 CSE
42%
LUNARIA 2 Estrella Púrpura
42%
KAISERTY 3 Fredrikstad
42%
ANTÁRTIDA 4 King Sejong
42%
NOVA MIRIM 6 Nartuno
42%
COXIPÓ 2 Nokovomorrot
42%
CHILE 1 Palestino
42%
LUNARIA 1 Phoenix
42%
TERITÁ 3 Portuguesa
42%
CHILE 1 Rangers
42%
COXIPÓ 5 Real Bibau
42%
ITAIA 2 TTU
42%
TERITÁ 1 Villa Verde
42%
NIARTY 1 Americano
33%
RDV 1 Americano
33%
COXIPÓ 3 Atlético Calli
33%
CHILE 1 Audax Italiano
33%
TERITÁ 1 Barra
33%
CALOPE 1 Colorado
33%
SAN FIERRO 1 Coroa Imperial
33%
LUMORA 1 FC Vaini
33%
SAN GEORGE 1 Flempsy
33%
TERITÁ 1 Fox
33%
HASLIN 2 Garino
33%
DAFISON DO SUL 2 Independência
33%
DAFISON 1 Merten
33%
GUAYANAS 2 Pantanal
33%
ETARFERBURGO 1 San Cobresal
33%
ANTÁRTIDA 2 Slokon
33%
ARCÂNIA 1 Sportivo Pirelle
33%
SANTIZ 1 Vila Nova
33%
FINLÂNIDA 1 Zenit
33%
ZHAITE 2 Atlântico
25%
DAFISON 2 Atlético Lagata
25%
DAFISON 1 Atlético Matabi
25%
REPÚBLICA DO SUL 1 Brasil
25%
TERITÁ 1 Cajari
25%
TERRA DO FOGO 2 Continental
25%
ILHAS MELHI 2 Inter Melhi
25%
THAMIRA 1 Kampinas
25%
COXIPÓ 1 Los Andes
25%
ANTÁRTIDA 1 Lousday
25%
ETARFERBURGO 1 Maizen Freiburg
25%
PANÉSIA 1 Marcoense
25%
DAFISON 2 Nova União FC
25%
CHILE 1 O'Higgins
25%
DAFISON 1 RB Belim
25%
GUAYANAS 1 Real Católica
25%
NOVA MIRIM 1 Real Eagles
25%
COXIPÓ 4 Red Bull Diania
25%
NAPOLESTE 2 Santa Rosa
25%
COXIPÓ 2 Selva
25%
TERRA DO FOGO 1 Southampton
25%
ILHAS MELHI 1 Tulivi
25%
TRÍPLICE GUIANA 1 Warriors
25%
GUAYANAS 1 AIG
17%
HASLIN 1 Birmingrad
17%
NYCIAR 1 Brad
17%
NYCIAR 1 Burenes Hawks
17%
NOVO PORTO 1 Canelas 2010
17%
BAULIRIUM 1 Carurú
17%
FRÍSIA 1 CF Thüringen
17%
REPÚBLICA DO SUL 1 Farroupilha
17%
NYCIAR 1 Fuego
17%
CHILE 1 Huachipato
17%
ARCÂNIA 1 Litoral
17%
ANZAC 1 Macarthur
17%
CHILE 1 Magallanes
17%
ETARFERBURGO 1 Offenburg
17%
ARCÂNIA 1 Pastarga
17%
DAFISON 1 Phantom
17%
REPÚBLICA DO SUL 1 Pinheiros
17%
COXIPÓ 1 Port Mani
17%
GUAYANAS 2 Real Villa
17%
NOVO PORTO 1 Republicano Novoportense
17%
COXIPÓ 3 São Luís
17%
ARCÂNIA 1 São Martin
17%
NYCIAR 1 Sport Americano
17%
CRUZ ALTA 1 Tordilli
17%
ANTÁRTIDA 2 Vernadsky United
17%
NOVO PORTO 1 Vila Real Unida
17%
CALOPE 1 Ypiranga
17%
LUNARIA 1 Acevila
8%
GOTHAM 1 Brooklyn Plata
8%
NAPOLESTE 1 Cortiz
8%
BALCÃS 1 CSKA Sófia
8%
TEZEQUISTÃO 1 Desportivo Tóquio
8%
ANTÁRTIDA 1 EC Gaudense
8%
ITAIA 1 Estano
8%
NYCIAR 1 FFC
8%
FRÍSIA 1 FK Humenné
8%
BAHIA 1 Galícia
8%
BAHIA 1 Jacobina
8%
VÁRZEA DO SOL 1 Leon de Metrópolis
8%
ANTÁRTIDA 1 Mineiro
8%
GOTHAM 1 Monsoon
8%
TERITÁ 1 National Rovers
8%
BAULIRIUM 1 Pedralta
8%
DAFISON 1 Porto Vitória
8%
FINLÂNIDA 1 Ukraine
8%
CALOPE 1 União São Pedro
8%
ANTÁRTIDA 1 Winchester
8%
ANZAC 1 WS Wanderers
8%
GUAYANAS 1 Deportes Bagense
0%
LUNARIA 1 Playstat
0%
LUNARIA 1 Port St. Lucie
0%
ANTÁRTIDA 1 SAo Palmer
0%
HEVONELAND 1 Sporting Kettu
0%
Nenhum quiz correspondente encontrado
Distribuição das Pontuações
Porcentagem de Pessoas com Cada Pontuação
Percentil de Números Respondidos
Sua Pontuação Histórica
Você não jogou esse quiz